Missing Vowels - Music Quiz Stats

Quiz Updated Jul 6, 2017

Challenge
Share
Tweet
Embed
Score 0/60 Timer 12:00
0 Plays Today
% Correct
Taylor Swift
96.1%
Michael Jackson
95.5%
Like A Virgin
95%
Mick Jagger
93.5%
Trombone
90.9%
Summer Nights
90.6%
Greased Lightning
88.1%
Fleetwood Mac
88.1%
Keith Richards
87.6%
Viola
87.4%
Papa Don't Preach
84.5%
Slash
81.6%
Hopelessly Devoted to You
81.6%
Louis Armstrong
80.8%
Tuba
80.7%
Jimi Hendrix
79.2%
Miles Davis
77%
Revolver
75.2%
Ray of Light
74%
Oboe
74%
Kelly Clarkson
73%
Abbey Road
71.6%
Thriller
71.1%
Beauty School Dropout
68.3%
Please Please Me
67.6%
Taylor Hicks
65%
Ludwig van Beethoven
64.9%
Let It Be
61.4%
Franz Schubert
61%
Blue Moon
60.5%
% Correct
John Coltrane
60.4%
Vogue
60%
Jordin Sparks
56.8%
Timpani
56.2%
Master of Puppets
55.9%
Brian Jones
55.2%
Bill Wyman
51.1%
Rubber Soul
50.9%
Death Magnetic
49%
Brian May
45.1%
Ruben Studdard
43.2%
Ride the Lightning
41.9%
Ronnie Wood
41%
The Joshua Tree
40.2%
Hung Up
40%
David Gilmour
36.3%
Toto
34.4%
Count Basie
32.1%
Rumours
30.6%
Load
21.1%
Parallel Lines
20.3%
St. Anger
19%
Lee DeWyze
18.8%
Hector Berlioz
18.2%
Outkast
16.5%
Django Reinhardt
16.3%
Spice
14.1%
Camille Saint-Saens
13.8%
Duane Allman
13.4%
Nikolai Rimsky-Korsakov
13.4%

You're not logged in!

Compare scores with friends on all Sporcle quizzes.
Sign Up with Email
OR
Log In

You Might Also Like...

Show Comments

Extras

Top Quizzes Today


Score Distribution

Your Account Isn't Verified!

In order to create a playlist on Sporcle, you need to verify the email address you used during registration. Go to your Sporcle Settings to finish the process.